<?xml version="1.0" encoding="UTF-8"?>
<collection xmlns="http://www.loc.gov/MARC21/slim">
  <record>
    <leader>00000nam  2200000   4500</leader>
    <controlfield tag="001">INLIS000000000017289</controlfield>
    <controlfield tag="005">20240704024307</controlfield>
    <datafield tag="035" ind1="#" ind2="#">
      <subfield code="a">0010-0724000022</subfield>
    </datafield>
    <controlfield tag="007">ta</controlfield>
    <controlfield tag="008">240704################g##########0#ind##</controlfield>
    <datafield tag="020" ind1="#" ind2="#">
      <subfield code="a">978 602 794 814 3</subfield>
    </datafield>
    <datafield tag="082" ind1="#" ind2="#">
      <subfield code="a">353.4</subfield>
    </datafield>
    <datafield tag="084" ind1="#" ind2="#">
      <subfield code="a">353.4 MAK k</subfield>
    </datafield>
    <datafield tag="100" ind1=" " ind2="#">
      <subfield code="a">Makmur</subfield>
    </datafield>
    <datafield tag="245" ind1="1" ind2="#">
      <subfield code="a">Kriminologi Administrasi Dalam Pemerintahan /</subfield>
      <subfield code="c">Makmur</subfield>
    </datafield>
    <datafield tag="250" ind1="#" ind2="#">
      <subfield code="a">Cetakan ke 1</subfield>
    </datafield>
    <datafield tag="260" ind1="#" ind2="#">
      <subfield code="a">Bandung :</subfield>
      <subfield code="b">Refika Aditama,</subfield>
      <subfield code="c">2013</subfield>
    </datafield>
    <datafield tag="300" ind1="#" ind2="#">
      <subfield code="a">328 halaman :</subfield>
      <subfield code="b">ilus ;</subfield>
      <subfield code="c">25 cm</subfield>
    </datafield>
    <datafield tag="650" ind1="#" ind2="4">
      <subfield code="a">Kriminologi</subfield>
    </datafield>
    <datafield tag="520" ind1="#" ind2="#">
      <subfield code="a">Pemahaman administrasi dalam arti yang luas adalah mencakup seluruh aktivitas organisasi, baik organisasi pemerintahan atau negara, organisasi swasta, dan maupun organisasi kemasyarakatan atau sosial. Oleh sebab itu rumusan yang dapat terbentuk adalah keseluruhan proses kerja sama manusia dalam organisasi tertentu untuk berusaha mencapai tujuan yang telah dirumuskan sebelumnya secara efisien, efektif, dan rasional dalam rangka memenuhi kebutuhan hidup warga organisasi maupun masyarakat pada umumnya.&#13;
&#13;
Aktivitas manusia dalam organisasi, sebagai motor penggerak pelaksanaannya harus diperkuat oleh pengaturan dan keteraturan administrasi, karena untuk menghindarkan kelemahan dan kehancuran administrasi yang dapat dilakukan oleh manusia pula. Oleh sebab itu, manusia dalam administrasi harus dapat serta mampu menghindari kesalahan-kesalahan, kecurangan-kecurangan, maupun penyelewengan-penyelewengan dalam rangka pelaksanaan kegiatan administrasi untuk mewujudkan tujuan yang telah ditetapkan sebelumnya secara efisien, efektif dan rasional serta memberikan manfaat yang tinggi dalam memenuhi kesejahteraan masyarakat pada umumnya. Terjadinya kesalahan, kecurangan, dan penyelewengan yang terjadi dalam pelaksanaan kegiatan atau aktivitas administrasi, salah satu penyebabnya adalah adanya tindakan kejahatan yang dilakukan oleh manusia sebagai anggota orgaisasi dimana menjadi tempat atau wadah penyelenggaraan kegiatan administrasi. Untuk lebih memahami perihal Kriminologi Administrasi dapat diikuti sajiannya di dalam buku ini.</subfield>
    </datafield>
    <datafield tag="990" ind1="#" ind2="#">
      <subfield code="a">160818568</subfield>
    </datafield>
  </record>
</collection>
